Tilastot visalle Kanta-Hämeen kunnat

Klikkaa tästä pelataksesi tätä visaa!

Yleistilastot

  • Tätä visaa on pelattu 315 kertaa
  • Keskiarvotulos 8 / 11

Vastaustilastot

VäkilukuKunat/Kaupunki% Oikein
67 713Hämeenlinna
97%
16 864Forssa
83%
28 819Riihimäki
83%
9 419Hattula
81%
16 354Janakkala
69%
2 185Humppila
66%
8 226Hausjärvi
62%
6 035Tammela
60%
7 861Loppi
58%
2 325Ypäjä
56%
5 087Jokioinen
53%

Tulosjakauma

Persentiili vastausten määrän mukaan

Jokaisen tuloksen saaneiden osuus

Tuloshistoriasi

Et ole pelannut tätä visaa